Wealth Within You (Record no. 226113)
[ view plain ]
| 000 -LEADER | |
|---|---|
| fixed length control field | 00544nam a22002057a 4500 |
| 005 - DATE AND TIME OF LATEST TRANSACTION | |
| control field | 20221229114605.0 |
| 008 - FIXED-LENGTH DATA ELEMENTS--GENERAL INFORMATION | |
| fixed length control field | 221229b ||||| |||| 00| 0 eng d |
| 040 ## - CATALOGING SOURCE | |
| Transcribing agency | AL |
| 041 ## - LANGUAGE CODE | |
| Language code of text/sound track or separate title | English |
| 082 ## - DEWEY DECIMAL CLASSIFICATION NUMBER | |
| Edition number | 23 |
| Classification number | 177 |
| Item number | WHEW |
| 100 ## - MAIN ENTRY--PERSONAL NAME | |
| Personal name | Elmer Wheeler |
| 100 ## - MAIN ENTRY--PERSONAL NAME | |
| 9 (RLIN) | 67901 |
| 245 ## - TITLE STATEMENT | |
| Title | Wealth Within You |
| 260 ## - PUBLICATION, DISTRIBUTION, ETC. | |
| Place of publication, distribution, etc. | Surrey |
| Name of publisher, distributor, etc. | The Worlds Work |
| Date of publication, distribution, etc. | 1956 |
| 300 ## - PHYSICAL DESCRIPTION | |
| Extent | 255 p. |
| Other physical details | PB |
| Dimensions | 18x12 cm. |
| 650 ## - SUBJECT ADDED ENTRY--TOPICAL TERM | |
| Topical term or geographic name entry element | Success |
| 9 (RLIN) | 67902 |
| 650 ## - SUBJECT ADDED ENTRY--TOPICAL TERM | |
| Topical term or geographic name entry element | Success in business |
| 9 (RLIN) | 67903 |
| 650 ## - SUBJECT ADDED ENTRY--TOPICAL TERM | |
| Topical term or geographic name entry element | Self-realization |
| 9 (RLIN) | 67904 |
| 700 ## - ADDED ENTRY--PERSONAL NAME | |
| Personal name | WHEELER (Elmer) |
| 9 (RLIN) | 67905 |
| 942 ## - ADDED ENTRY ELEMENTS (KOHA) | |
| Source of classification or shelving scheme | Dewey Decimal Classification |
| Koha item type | Donated Books |
| Withdrawn status | Lost status | Source of classification or shelving scheme | Damaged status | Not for loan | Collection code | Home library | Current library | Date acquired | Total Checkouts | Full call number | Barcode | Date last seen | Price effective from | Koha item type | Public note |
|---|---|---|---|---|---|---|---|---|---|---|---|---|---|---|---|
| Dewey Decimal Classification | Others | St Aloysius Library | St Aloysius Library | 11/27/2014 | 177 WHEW | D05273 | 12/29/2022 | 12/29/2022 | Donated Books | Donated by V.T. Rajshekar |